Name Every Country by a Single Letter With Exceptions - Statistics

General Stats
  • This quiz has been taken 186 times
  • The average score is 135 of 185
Answers on the Map
Answers color-coded by a green-red scale on the quiz's map according to % correct below.
 
Answer Stats
Continent Answer % Correct
Asia Bahrain
98%
North America Dominican Republic
92%
Europe North Macedonia
92%
Africa Republic of the Congo
92%
Asia Cambodia
91%
Africa Democratic Republic of the Congo
91%
South America Colombia
89%
Europe Czech Republic
89%
Africa Madagascar
89%
Africa Cape Verde
88%
Africa Central African Republic
88%
Europe United Kingdom
88%
North America United States
88%
Asia Cyprus
87%
Africa São Tomé and Príncipe
87%
Europe Vatican City
87%
Europe Belgium
86%
Europe Bosnia and Herzegovina
86%
Oceania Federated States of Micronesia
86%
Africa Gambia
86%
Europe Germany
86%
Europe Luxembourg
86%
Asia Bangladesh
85%
North America Dominica
85%
Africa Mozambique
85%
North America Antigua and Barbuda
84%
Africa Chad
84%
Europe Greece
84%
Europe Hungary
84%
Africa Ivory Coast
84%
North America Jamaica
84%
Asia Kyrgyzstan
84%
North America Mexico
84%
North America Nicaragua
84%
Africa South Africa
84%
Asia Taiwan
84%
North America Trinidad and Tobago
84%
North America Bahamas
83%
South America Chile
83%
Asia China
83%
Europe Croatia
83%
Europe Liechtenstein
83%
South America Paraguay
83%
Africa Seychelles
83%
Asia United Arab Emirates
83%
Africa Zimbabwe
83%
North America Cuba
82%
Africa Djibouti
82%
Asia Azerbaijan
81%
Africa Burkina Faso
81%
Africa Cameroon
81%
Africa Comoros
81%
Europe Monaco
81%
Africa Morocco
81%
Asia North Korea
81%
Asia Saudi Arabia
81%
North America Barbados
80%
Asia Bhutan
80%
Africa Botswana
80%
Europe Bulgaria
80%
Africa Burundi
80%
Africa Gabon
80%
Africa Guinea-Bissau
80%
Oceania Papua New Guinea
80%
Asia Uzbekistan
80%
North America Canada
79%
South America Ecuador
79%
Africa Egypt
79%
Europe France
79%
North America Guatemala
79%
South America Guyana
79%
Europe Iceland
79%
Asia Maldives
79%
Oceania Marshall Islands
79%
Asia Mongolia
79%
Europe Montenegro
79%
Oceania Solomon Islands
79%
South America Uruguay
79%
Africa Zambia
79%
Asia Afghanistan
78%
Africa Ghana
78%
Europe Moldova
78%
Africa Namibia
78%
Europe Denmark
77%
Africa Equatorial Guinea
77%
North America Grenada
77%
Oceania Kiribati
77%
Europe Poland
77%
Europe Portugal
77%
Asia Singapore
77%
Africa Uganda
77%
Africa Ethiopia
76%
Asia Philippines
76%
North America Honduras
75%
Europe Netherlands
75%
Africa South Sudan
75%
Asia Thailand
75%
Africa Eswatini
74%
Asia Kazakhstan
74%
Oceania New Zealand
74%
Europe Switzerland
74%
Africa Rwanda
73%
North America St. Vincent and the Grenadines
73%
Europe Sweden
73%
Asia Japan
72%
Asia Malaysia
72%
Asia Pakistan
72%
North America Panama
72%
Asia Yemen
72%
North America Belize
71%
South America Brazil
71%
North America El Salvador
71%
Europe Finland
71%
Asia Jordan
71%
Asia South Korea
71%
Europe Ukraine
71%
South America Bolivia
69%
Asia Turkey
69%
Asia Turkmenistan
69%
Africa Algeria
68%
Africa Angola
68%
South America Argentina
68%
North America Costa Rica
68%
Asia Georgia
68%
Africa Guinea
68%
Africa Niger
68%
Africa Nigeria
68%
Africa Senegal
68%
North America St. Lucia
68%
Africa Togo
68%
Oceania Tonga
68%
Europe Andorra
67%
North America Haiti
67%
Asia India
67%
Asia Indonesia
67%
Europe Ireland
67%
Africa Lesotho
67%
Europe Lithuania
67%
Africa Sudan
67%
Oceania Fiji
66%
Asia Kuwait
66%
Europe Albania
65%
Europe Belarus
65%
Africa Benin
65%
Asia Brunei
65%
Asia Lebanon
65%
Africa Liberia
65%
Africa Libya
65%
Africa Malawi
65%
Europe Serbia
65%
Asia Tajikistan
65%
Europe Kosovo
63%
Europe Slovakia
63%
North America St. Kitts and Nevis
63%
Asia Vietnam
63%
Africa Kenya
59%
Asia Nepal
59%
Oceania Palau
59%
South America Peru
59%
Europe Spain
59%
Asia Sri Lanka
59%
Europe Norway
58%
Asia Armenia
55%
Asia East Timor
55%
Africa Mali
55%
Europe Malta
55%
Africa Mauritania
55%
Africa Mauritius
55%
Asia Myanmar
55%
Asia Oman
55%
Europe Romania
55%
Oceania Samoa
55%
Europe San Marino
55%
Africa Somalia
55%
South America Suriname
55%
South America Venezuela
52%
Asia Iraq
48%
Asia Qatar
48%
Europe Italy
42%
Europe Latvia
42%
Europe Slovenia
42%
Asia Syria
42%
Oceania Tuvalu
42%
Oceania Vanuatu
42%
Africa Tanzania
35%
No matching quizzes found
Score Distribution
Percent of People with Each Score
Percentile by Number Answered
Your Score History
You have not taken this quiz